000
00282nam a22001217a 4500
008
170303b xxu||||| |||| 00| 0 eng d
041
_a
eng
080
_a
616.073
100
_a
6
101
_a
SHM
245
_a
THE RADIOLOGIC CLINICS OF NORTHB AMERICA
_c
MILLER.S.W
942
_2
udc
_c
BK
999
_c
6709
_d
6709